NBA 1989 Playoffs Starters - Statistics

General Stats
  • This quiz has been taken 431 times
  • The average score is 45 of 80
Answer Stats
Team Player % Correct
Pistons Isiah Thomas
100%
Bulls Michael Jordan
98%
Lakers Magic Johnson
97%
Knicks Patrick Ewing
97%
Jazz Karl Malone
95%
Hawks Moses Malone
95%
Bulls Scottie Pippen
95%
Rockets Buck Johnson
94%
Jazz John Stockton
94%
Suns Kevin Johnson
94%
Rockets Hakeem Olajuwon
93%
Pistons Joe Dumars
92%
Lakers Kareem Abdul-Jabbar
91%
Trail Blazers Clyde Drexler
90%
Hawks Dominique Wilkins
90%
Lakers James Worthy
90%
Celtics Kevin McHale
90%
Pistons Bill Laimbeer
89%
76ers Charles Barkley
89%
Cavaliers Mark Price
89%
Knicks Gerald Wilkins
87%
Celtics Robert Parish
87%
Warriors Chris Mullin
81%
Lakers A.C. Green
80%
Nuggets Alex English
80%
Bulls Horace Grant
79%
Bulls Bill Cartwright
75%
Cavaliers Brad Daugherty
75%
76ers Derek Smith
75%
Warriors Larry Smith
75%
Bucks Sidney Moncrief
74%
Lakers Byron Scott
73%
Knicks Charles Oakley
72%
Jazz Mark Eaton
71%
Cavaliers Ron Harper
70%
Knicks Mark Jackson
67%
Cavaliers Larry Nance
66%
Trail Blazers Terry Porter
66%
Pistons Mark Aguirre
65%
Hawks Doc Rivers
62%
Nuggets Fat Lever
60%
76ers Maurice Cheeks
60%
Pistons Rick Mahorn
60%
Suns Jeff Hornacek
59%
Suns Tom Chambers
56%
Warriors Mitch Richmond
55%
Bucks Jack Sikma
54%
Trail Blazers Kevin Duckworth
49%
Celtics Reggie Lewis
48%
SuperSonics Dale Ellis
46%
Rockets Otis Thorpe
46%
Trail Blazers Jerome Kersey
45%
Bucks Fred Roberts
44%
SuperSonics Xavier McDaniel
38%
Rockets Sleepy Floyd
36%
76ers Hersey Hawkins
35%
Suns Mark West
35%
SuperSonics Nate McMillan
34%
Nuggets Wayne Cooper
31%
SuperSonics Alton Lister
23%
Bulls Craig Hodges
21%
Jazz Thurl Bailey
18%
Cavaliers Mike Sanders
16%
SuperSonics Derrick McKey
15%
76ers Mike Gminski
15%
Celtics Kevin Gamble
14%
Celtics Brian Shaw
13%
Bucks Jay Humphries
13%
Hawks Jon Koncak
13%
Hawks Reggie Theus
13%
Knicks Johnny Newman
11%
Trail Blazers Sam Bowie
10%
Nuggets Bill Hanzlik
9%
Jazz Bob Hansen
9%
Bucks Larry Krystkowiak
9%
Warriors Rod Higgins
8%
Rockets Mike Woodson
7%
Suns Tyrone Corbin
7%
Warriors Winston Garland
7%
Nuggets Darwin Cook
5%
No matching quizzes found
Score Distribution
Percent of People with Each Score
Percentile by Number Answered
Your Score History
You have not taken this quiz